[Event "4th London Classic Open"]
[Site "London ENG"]
[Date "2012.12.01"]
[Round "1"]
[White "Pleininger,R"]
[Black "Szabo,Ben"]
[Result "0-1"]
[WhiteElo "1997"]
[BlackElo "2365"]
[WhiteFideId "1305999"]
[BlackFideId "733776"]
[EventDate "2012.12.01"]

1. e4 b6 2. c4 Bb7 3. Nc3 c5 4. Nf3 d6 5. d4 cxd4 6. Nxd4 Nf6 7. Bd3 e6 8. O-O
Nbd7 9. Re1 Be7 10. b3 O-O 11. Bb2 a6 12. Rc1 Qc7 13. Bb1 Rac8 14. Nde2 Qb8 15.
Ng3 Bd8 16. Rc2 Bc7 17. Rd2 Ba8 18. Nce2 b5 19. Bd3 Ne5 20. Bxe5 dxe5 21. Nc3
Ba5 22. Rc2 Rfd8 23. Qe2 Nd7 24. Qg4 Nb6 25. Nh5 g6 26. Re3 bxc4 27. Qg5 Rxd3
28. Nf6+ Kg7 29. Ng4 Nd7 30. Qh6+ Kg8 31. Rce2 Bxc3 32. Rxd3 cxd3 33. Re3 Bd2 0-1

[Event "4th London Classic Open"]
[Site "London ENG"]
[Date "2012.12.01"]
[Round "1"]
[White "Rusek,W"]
[Black "Gregory,P"]
[Result "1/2-1/2"]
[WhiteElo "1831"]
[BlackElo "2071"]
[WhiteFideId "1612700"]
[BlackFideId "407852"]
[EventDate "2012.12.01"]

1. d4 d5 2. c4 c6 3. cxd5 cxd5 4. Nc3 Nf6 5. Bf4 a6 6. e3 Nc6 7. Bd3 Bg4 8. Nf3
e6 9. h3 Bxf3 10. Qxf3 Bd6 11. Bxd6 Qxd6 12. O-O O-O 13. Rac1 Rac8 14. Qe2 1/2-1/2

[Event "4th London Classic Open"]
[Site "London ENG"]
[Date "2012.12.01"]
[Round "1"]
[White "Dydak,Mateusz"]
[Black "Roberson,P"]
[Result "0-1"]
[BlackTitle "FM"]
[WhiteElo "1992"]
[BlackElo "2350"]
[WhiteFideId "2612305"]
[BlackFideId "412384"]
[EventDate "2012.12.01"]

1. e4 e6 2. d4 d5 3. Nc3 Bb4 4. e5 c5 5. a3 Bxc3+ 6. bxc3 Ne7 7. Qg4 O-O 8. Nf3
Nbc6 9. Bd3 f5 10. exf6 Rxf6 11. Qh4 h6 12. Ne5 Nxe5 13. dxe5 Rf7 14. O-O Qa5
15. c4 Qc3 16. Rb1 Qxe5 17. a4 Nf5 18. Bxf5 Qxf5 19. Ba3 b6 20. a5 Ba6 21. axb6
axb6 0-1

[Event "4th London Classic Open"]
[Site "London ENG"]
[Date "2012.12.01"]
[Round "1"]
[White "Kojima,S"]
[Black "Casiot,D"]
[Result "1-0"]
[WhiteTitle "FM"]
[WhiteElo "2340"]
[BlackElo "1991"]
[WhiteFideId "7000812"]
[BlackFideId "405973"]
[EventDate "2012.12.01"]

1. Nf3 e6 2. c4 f5 3. g3 Nf6 4. Bg2 Be7 5. O-O O-O 6. d4 d5 7. Nc3 c6 8. Rb1 Qe8
9. Qc2 Ne4 10. b4 Nd7 11. b5 Ndf6 12. bxc6 bxc6 13. Ne5 Nxc3 14. Qxc3 Ne4 15.
Qc2 Ba6 16. Be3 Bf6 17. Qa4 Bxe5 18. Qxa6 Bf6 19. Rfc1 e5 20. dxe5 Bxe5 21. cxd5
cxd5 22. Qd3 Qd7 23. f3 Nf6 24. f4 Bc7 25. Rb7 Rac8 26. Rc5 d4 27. Bxd4 Qd8 28.
Qc4+ Kh8 29. Rcxc7 1-0

[Event "4th London Classic Open"]
[Site "London ENG"]
[Date "2012.12.01"]
[Round "1"]
[White "Jeitz,O"]
[Black "Richardson,Joh"]
[Result "1/2-1/2"]
[BlackTitle "FM"]
[WhiteElo "1987"]
[BlackElo "2320"]
[WhiteFideId "4000560"]
[BlackFideId "401617"]
[EventDate "2012.12.01"]

1. c4 e5 2. g3 Nf6 3. Bg2 c6 4. d4 exd4 5. Qxd4 d5 6. Nf3 Be7 7. O-O O-O 8. cxd5
cxd5 9. Nc3 Nc6 10. Qa4 Be6 11. Rd1 Qa5 12. Qxa5 Nxa5 13. b3 Nc6 14. Bb2 Rad8
15. Rac1 Rfe8 16. h3 a6 17. e3 h5 18. Ne2 Ne4 19. Ned4 Nxd4 20. Nxd4 Bc8 21. Rc2
Bf6 22. Rdc1 1/2-1/2

[Event "4th London Classic Open"]
[Site "London ENG"]
[Date "2012.12.01"]
[Round "1"]
[White "Kvisvik,B"]
[Black "Rogers,Tim L"]
[Result "1/2-1/2"]
[WhiteTitle "FM"]
[WhiteElo "2316"]
[BlackElo "1979"]
[WhiteFideId "1502999"]
[BlackFideId "418137"]
[EventDate "2012.12.01"]

1. d4 d5 2. c4 e6 3. Nf3 Nf6 4. g3 dxc4 5. Qa4+ Bd7 6. Qxc4 Bc6 7. Nc3 Nbd7 8.
Bg2 Be7 9. O-O O-O 10. Rd1 Qc8 11. Bf4 Bd6 12. Rac1 Bxf3 13. Bxd6 Bxe2 14. Qxe2
cxd6 15. Nb5 Qd8 16. Nxd6 Qb6 17. Nxb7 Rab8 18. Rc3 Nd5 19. Bxd5 exd5 20. Nc5
Nf6 21. Rb3 Qa5 22. Rxb8 Rxb8 23. b3 Re8 24. Qd2 Qb5 25. Re1 h6 26. a4 Qb8 27.
f3 Qc8 28. Rxe8+ Qxe8 29. Kf2 Qc8 30. Qf4 Qh3 31. Kg1 Qc8 32. Kg2 Qe8 33. Qe5
Qc8 34. b4 Qd8 35. a5 Qc8 36. g4 Qd8 37. h3 Qc8 38. Qd6 Qe8 39. Qe5 Qb5 40. Qe1
Qc4 41. Qd2 Ne8 42. Nd7 f6 43. Qe3 Kf7 44. Nc5 Nc7 45. h4 Qxb4 46. g5 hxg5 47.
hxg5 Qb2+ 48. Kg3 Qb1 49. gxf6 gxf6 50. a6 Qg6+ 51. Kf2 Qc2+ 52. Kg3 Qg6+ 53.
Kf2 Qc2+ 54. Kg3 1/2-1/2

[Event "4th London Classic Open"]
[Site "London ENG"]
[Date "2012.12.01"]
[Round "1"]
[White "Andreev,Pete"]
[Black "Hebbes,T"]
[Result "0-1"]
[WhiteElo "2017"]
[BlackElo "2111"]
[WhiteFideId "406350"]
[BlackFideId "406570"]
[EventDate "2012.12.01"]

1. e4 e6 2. d4 d5 3. Nc3 Nf6 4. Bg5 Be7 5. e5 Nfd7 6. h4 h6 7. Bxe7 Qxe7 8. Qg4
Kf8 9. Nf3 a6 10. Bd3 c5 11. dxc5 Nc6 12. Qf4 Nxc5 13. O-O Nxd3 14. cxd3 Bd7 15.
Na4 b5 16. Nb6 Rb8 17. Nxd7+ Qxd7 18. h5 Kg8 19. Rac1 Rc8 20. Rc5 Kh7 21. Rfc1
Rhf8 22. Nd4 Na7 23. Rxc8 Rxc8 24. Rxc8 Nxc8 25. Qc1 Nb6 26. b3 Qb7 27. Qc6 Qb8
28. f4 Qa7 29. Qc5 Qb7 30. Kf2 Nd7 31. Qc6 Qa7 32. Ke3 b4 33. Qd6 a5 34. g4 Kg8
35. f5 Nf8 36. a3 bxa3 37. Qxa3 Qc7 38. Nf3 Qc3 39. Qa2 Nd7 40. Qd2 Qc5+ 41. d4
Qb5 42. Qc3 Nf8 43. Nd2 Qb6 44. Qc5 Qd8 45. Nf3 Qb8 46. Qc3 Qb6 47. Kd2 Qb5 48.
Qd3 Qb4+ 49. Kc2 a4 50. bxa4 Qxa4+ 51. Qb3 Qa6 52. Qd3 Qa2+ 53. Kd1 Qg2 54. fxe6
fxe6 55. g5 hxg5 56. Qe3 Qh1+ 57. Ke2 g4 58. Ne1 Qh2+ 59. Kf1 Qxh5 60. Kg2 Ng6
61. Kf2 Qh2+ 62. Kf1 Nf4 63. Qf2 Qh1+ 64. Qg1 Qh3+ 65. Kf2 Qh5 66. Qg3 Qf5 67.
Qe3 Nd3+ 0-1

[Event "4th London Classic Open"]
[Site "London ENG"]
[Date "2012.12.01"]
[Round "1"]
[White "Gibson,Ch"]
[Black "Zimmermann,Ju"]
[Result "0-1"]
[BlackTitle "FM"]
[WhiteElo "1975"]
[BlackElo "2299"]
[WhiteFideId "414697"]
[BlackFideId "4667654"]
[EventDate "2012.12.01"]

1. d4 Nf6 2. c4 g6 3. Nc3 Bg7 4. e4 d6 5. f3 O-O 6. Be3 a6 7. Qd2 Nbd7 8. Nh3 c5
9. d5 Ne5 10. Nf2 e6 11. Be2 exd5 12. cxd5 b5 13. O-O Re8 14. a3 Nc4 15. Bxc4
bxc4 16. Qe2 a5 17. a4 Ba6 18. Nb5 Qb6 19. Qxc4 Reb8 20. Bd2 Bxb5 21. axb5 Qxb5
22. Qxb5 Rxb5 23. Bc3 Nd7 24. Ra2 Bxc3 25. bxc3 a4 26. Rc1 Nb6 27. Nd3 a3 28.
Rcc2 Nc4 29. Kf2 f5 30. exf5 gxf5 31. Nc1 Kf7 32. Ke2 Re8+ 33. Kd3 Ne3 34. Re2
c4+ 35. Kd2 Rb2+ 36. Ke1 Nxg2+ 0-1

[Event "4th London Classic Open"]
[Site "London ENG"]
[Date "2012.12.01"]
[Round "1"]
[White "Kouchak,J"]
[Black "Szalontay,Mihaly"]
[Result "0-1"]
[WhiteElo "1703"]
[BlackElo "2011"]
[WhiteFideId "26011379"]
[BlackFideId "746967"]
[EventDate "2012.12.01"]

1. d4 Nf6 2. Nf3 e6 3. Bg5 c5 4. c3 h6 5. Bh4 cxd4 6. cxd4 Bb4+ 7. Nc3 O-O 8.
Bxf6 Qxf6 9. e3 b6 10. Bd3 Bb7 11. Qe2 Rc8 12. Rc1 d6 13. a3 Bxc3+ 14. bxc3 Nd7
15. Bb5 Qe7 16. e4 a6 17. Bd3 e5 18. O-O Rc7 19. Rfe1 b5 20. Qb2 Nb6 21. Qb4
Rac8 22. dxe5 dxe5 23. Qxe7 Rxe7 24. c4 bxc4 25. Rb1 cxd3 26. Rxb6 Rd7 27. Nxe5
d2 28. Rd1 Rc1 0-1

[Event "4th London Classic Open"]
[Site "London ENG"]
[Date "2012.12.01"]
[Round "1"]
[White "Hortillosa,A"]
[Black "Rudd,J"]
[Result "0-1"]
[BlackTitle "IM"]
[WhiteElo "1963"]
[BlackElo "2288"]
[WhiteFideId "2038749"]
[BlackFideId "405736"]
[EventDate "2012.12.01"]

1. e4 d6 2. c4 c5 3. Nc3 Nc6 4. g3 g6 5. Bg2 Bg7 6. Nge2 e6 7. O-O Nge7 8. d3
O-O 9. Rb1 Bd7 10. a3 a5 11. Nb5 Qb8 12. Be3 e5 13. Qd2 Nd4 14. Nbxd4 cxd4 15.
Bh6 b5 16. b3 Ra6 17. Bxg7 Kxg7 18. f4 f5 19. Rfe1 fxe4 20. Bxe4 Nf5 21. h3 Ne3
22. Kh2 g5 23. Rf1 bxc4 24. dxc4 Bxh3 25. Kxh3 d5 26. fxg5 Qc8+ 27. Kh2 Rxf1 0-1

[Event "4th London Classic Open"]
[Site "London ENG"]
[Date "2012.12.01"]
[Round "1"]
[White "Arvola,B"]
[Black "Koch,Ala2"]
[Result "1-0"]
[WhiteTitle "FM"]
[WhiteElo "2285"]
[BlackElo "1960"]
[WhiteFideId "1506536"]
[BlackFideId "639532"]
[EventDate "2012.12.01"]

1. e4 e5 2. Nf3 Nc6 3. d4 exd4 4. Nxd4 Bc5 5. Nxc6 bxc6 6. Bd3 d6 7. O-O a5 8.
Nc3 Ba6 9. Bxa6 Rxa6 10. e5 Ne7 11. Na4 Bb6 12. Qd3 Ra7 13. Nxb6 cxb6 14. exd6
Nd5 15. Qe4+ Kf8 16. c4 Qxd6 17. cxd5 cxd5 18. Qf4 Qxf4 19. Bxf4 f6 20. Be3 Kf7
21. Rfd1 Rd7 22. Bxb6 Rb8 23. Bxa5 Rxb2 24. Bc3 Rb8 25. a4 Ke6 26. a5 Ra7 27.
Bd4 Ra6 28. Kf1 Rba8 29. Bb6 g5 30. Rac1 Rxa5 31. Bxa5 Rxa5 32. Ra1 Rc5 33. Ra6+
Ke5 34. h4 h5 35. Ra7 gxh4 36. Rh7 f5 37. Rxh5 Rc4 38. Re1+ Kf6 39. Rh6+ Kg5 40.
Rd6 Rd4 41. Re5 h3 42. gxh3 Rd1+ 43. Kg2 d4 44. Kg3 Rg1+ 45. Kf3 Rh1 46. Rxd4
Rxh3+ 47. Kg2 Rh6 48. f4+ Kg4 49. Re3 Ra6 50. Rg3+ Kh4 51. Rd2 Ra4 52. Rf2 Ra1
53. Kh2 Rh1+ 54. Kxh1 Kxg3 55. Kg1 1-0

[Event "4th London Classic Open"]
[Site "London ENG"]
[Date "2012.12.01"]
[Round "1"]
[White "Bermingham,Tony"]
[Black "Croad,N"]
[Result "0-1"]
[BlackTitle "FM"]
[WhiteElo "1959"]
[BlackElo "2282"]
[WhiteFideId "2504103"]
[BlackFideId "4300793"]
[EventDate "2012.12.01"]

1. d4 Nf6 2. Nf3 e6 3. Bf4 b6 4. e3 Bb7 5. Bd3 c5 6. c3 Be7 7. h3 O-O 8. O-O d6
9. Nbd2 Nbd7 10. e4 Re8 11. e5 Nd5 12. Bg3 cxd4 13. cxd4 dxe5 14. dxe5 Nb4 15.
Be4 Nc5 16. Bxb7 Nxb7 17. Ne4 Qd3 18. Qxd3 Nxd3 19. Rab1 Red8 20. Rfd1 h6 21.
Kf1 Rac8 22. a3 Ndc5 23. Nxc5 Nxc5 24. Ke2 Na4 25. Rd2 b5 26. Rbd1 Rxd2+ 27.
Rxd2 Nb6 28. Nd4 a6 29. Rc2 Rxc2+ 30. Nxc2 Nc4 31. b4 Bg5 32. f4 Bd8 33. Bf2 g5
34. g3 gxf4 35. gxf4 Kg7 36. Kf3 Kg6 37. Kg4 f6 38. Bd4 fxe5 39. Bxe5 Bb6 40.
Bc3 Ne3+ 41. Nxe3 Bxe3 42. Bb2 Bd2 43. Kh4 Bxf4 44. Kg4 e5 45. Kf3 Kf5 46. Kf2
Ke4 47. Ke2 h5 0-1

[Event "4th London Classic Open"]
[Site "London ENG"]
[Date "2012.12.01"]
[Round "1"]
[White "Matthew,Ian G"]
[Black "Dukaczewski,P"]
[Result "0-1"]
[BlackTitle "IM"]
[WhiteElo "1948"]
[BlackElo "2274"]
[WhiteFideId "423165"]
[BlackFideId "1103520"]
[EventDate "2012.12.01"]

1. e4 e6 2. d4 d5 3. Nd2 Nf6 4. e5 Nfd7 5. f4 c5 6. c3 Qa5 7. Ndf3 Nc6 8. Ne2 f6
9. Kf2 Qb6 10. Be3 Qxb2 11. g3 fxe5 12. dxe5 Nb6 13. Rb1 Qxa2 14. Ra1 Qc4 15.
Nd2 Qd3 16. Nd4 Qg6 17. Nb5 Qf7 18. Nb3 Nxe5 19. Nxc5 Nbc4 20. Bxc4 Nxc4 21. Qa4
Kd8 22. Qxc4 dxc4 23. Rhd1+ Ke8 24. Ne4 Qh5 25. Ng5 Be7 26. Nc7+ Kf8 27. Rd2
Bxg5 0-1

[Event "4th London Classic Open"]
[Site "London ENG"]
[Date "2012.12.01"]
[Round "1"]
[White "Coleman,D"]
[Black "Boger,R"]
[Result "1/2-1/2"]
[WhiteTitle "CM"]
[WhiteElo "2268"]
[BlackElo "1946"]
[WhiteFideId "402087"]
[BlackFideId "1507419"]
[EventDate "2012.12.01"]

1. e4 c5 2. Nf3 d6 3. d4 cxd4 4. Nxd4 Nf6 5. Nc3 a6 6. Be2 e5 7. Nb3 Be6 8. O-O
Be7 9. Be3 Nbd7 10. f3 b5 11. Qd2 Nb6 12. Rfd1 O-O 13. Qe1 b4 14. Nb1 a5 15. Qf2
Nfd7 16. c3 f5 1/2-1/2

[Event "4th London Classic Open"]
[Site "London ENG"]
[Date "2012.12.01"]
[Round "1"]
[White "Hoekstra,C"]
[Black "Stachanczyk,J"]
[Result "0-1"]
[WhiteElo "1937"]
[BlackElo "2265"]
[WhiteFideId "1011952"]
[BlackFideId "1116657"]
[EventDate "2012.12.01"]

1. e4 c5 2. b3 g6 3. Bb2 Nf6 4. f4 Bg7 5. g3 d6 6. Bb5+ Bd7 7. Bxd7+ Qxd7 8. Qe2
O-O 9. Nf3 Nc6 10. O-O Rad8 11. d3 e5 12. fxe5 dxe5 13. Kg2 Nd4 14. Bxd4 exd4
15. h3 Nh5 16. Nbd2 Bh6 17. Nh2 Qc7 18. Rf3 f5 19. Raf1 f4 20. Ng4 Bg7 21. Qe1
Nxg3 22. Rg1 Rde8 23. Nf1 Nf5 24. Rh1 h5 25. Ngh2 Qe7 26. Kg1 Qg5+ 27. Kf2 Nh4
28. Rg1 Qe7 29. Ke2 Nxf3 30. Nxf3 Qe6 31. N1h2 Bh6 32. Qh4 Kh7 33. Rh1 Qf6 34.
Qf2 b5 35. Rg1 Re7 36. Kd1 Rd8 37. Nh4 Rg7 38. N2f3 c4 39. Ke2 cxd3+ 40. cxd3
Qc6 41. Kf1 Qc5 42. Kg2 Rf7 43. Kh1 g5 44. Nf5 Rxf5 45. exf5 Qxf5 46. Qf1 g4 47.
Qe1 Qd5 48. Qe7+ Bg7 49. Qe4+ Qxe4 0-1

[Event "4th London Classic Open"]
[Site "London ENG"]
[Date "2012.12.01"]
[Round "1"]
[White "Wood,Peter R"]
[Black "Gunajew,R"]
[Result "1/2-1/2"]
[BlackTitle "FM"]
[WhiteElo "1931"]
[BlackElo "2260"]
[WhiteFideId "422215"]
[BlackFideId "1116037"]
[EventDate "2012.12.01"]

1. e4 c5 2. Nc3 Nc6 3. g3 g6 4. Bg2 Bg7 5. d3 d6 6. f4 e6 7. Nf3 Nge7 8. O-O O-O
9. Be3 Nd4 10. e5 Nxf3+ 11. Qxf3 dxe5 12. Bxc5 Qc7 13. Ba3 exf4 14. Qxf4 e5 15.
Qf3 Rb8 16. Nd5 Nxd5 17. Bxf8 Kxf8 18. Qxd5 Qb6+ 19. d4 Qxd4+ 20. Qxd4 exd4 21.
Bd5 f5 22. Rae1 Bd7 23. g4 Bh6 24. gxf5 gxf5 25. Be6 Bxe6 26. Rxe6 Be3+ 27. Rxe3
dxe3 28. Rxf5+ Kg8 29. Re5 Rc8 30. c3 Rd8 31. Rxe3 Rd2 32. Rg3+ Kf7 33. Rg2 Rd1+
34. Kf2 Kf6 35. Ke2 Ra1 36. Kf3 b6 37. Kg4 Rf1 38. Rd2 Ke6 39. Kg5 Rf3 40. Kg4
Rf1 41. a4 Rg1+ 42. Kf4 h5 43. Kf3 Rh1 44. Rd4 a5 45. Kg2 Re1 46. Rd2 1/2-1/2

[Event "4th London Classic Open"]
[Site "London ENG"]
[Date "2012.12.01"]
[Round "1"]
[White "Tan,Ju2"]
[Black "Phillips,O"]
[Result "1-0"]
[WhiteElo "2239"]
[BlackElo "1926"]
[WhiteFideId "3206882"]
[BlackFideId "417882"]
[EventDate "2012.12.01"]

1. e4 e6 2. d4 d5 3. Nc3 dxe4 4. Nxe4 Bd7 5. Nf3 Bc6 6. Bd3 Nd7 7. O-O Ngf6 8.
Ng3 Be7 9. Re1 Bxf3 10. Qxf3 c6 11. c4 O-O 12. Ne4 Nxe4 13. Qxe4 Nf6 14. Qh4 g6
15. Bh6 Re8 16. Rad1 Nh5 17. Qg4 f5 18. Qf3 Bg5 19. Bxg5 Qxg5 20. Re5 Qd8 21.
Bc2 Qd6 22. Bb3 Ng7 23. Qc3 Re7 24. f4 Rc8 25. Qe3 Rce8 26. d5 exd5 27. cxd5 c5
28. Rxe7 1-0

[Event "4th London Classic Open"]
[Site "London ENG"]
[Date "2012.12.01"]
[Round "1"]
[White "Tortolero,Cesar"]
[Black "Britton,R"]
[Result "0-1"]
[BlackTitle "FM"]
[WhiteElo "1926"]
[BlackElo "2233"]
[WhiteFideId "3907368"]
[BlackFideId "401692"]
[EventDate "2012.12.01"]

1. d4 Nf6 2. Nf3 g6 3. c4 Bg7 4. Nc3 O-O 5. g3 d6 6. Bg2 Nc6 7. O-O e5 8. dxe5
dxe5 9. Qxd8 Rxd8 10. Bg5 Be6 11. Bxf6 Bxf6 12. Ne4 Be7 13. b3 h6 14. Nc3 Bb4
15. Nb5 Rac8 16. a3 Be7 17. Ne1 a6 18. Bxc6 axb5 19. Bxb5 c6 20. Ba4 Rb8 21. b4
Bxc4 22. Nd3 Bxd3 23. exd3 Rxd3 24. Bc2 Rc3 25. Ra2 Ra8 26. b5 Raxa3 27. Rxa3
Bxa3 28. Be4 f5 29. bxc6 bxc6 30. Bb1 Kf7 31. Rd1 Kf6 32. Kg2 e4 33. h4 Ke5 34.
Rd8 Be7 35. Rh8 h5 36. Rh7 0-1

[Event "4th London Classic Open"]
[Site "London ENG"]
[Date "2012.12.01"]
[Round "1"]
[White "Kocwin,B"]
[Black "Shah,Dipak K"]
[Result "1-0"]
[WhiteTitle "FM"]
[WhiteElo "2226"]
[BlackElo "1914"]
[WhiteFideId "1107402"]
[BlackFideId "425842"]
[EventDate "2012.12.01"]

1. d4 g6 2. g3 Bg7 3. Nf3 d6 4. Bg2 Nd7 5. O-O Ngf6 6. c4 O-O 7. Nc3 e5 8. h3 c6
9. e4 Re8 10. Be3 Qc7 11. Rc1 Nb6 12. b3 a5 13. Qd3 Nbd7 14. Rfd1 exd4 15. Nxd4
Nc5 16. Qc2 Ne6 17. Qd2 Nc5 18. f3 Ne6 19. Nxe6 Rxe6 20. Nd5 Nxd5 21. cxd5 Re8
22. dxc6 bxc6 23. f4 Bb7 24. Qxd6 Qxd6 25. Rxd6 Rad8 26. Rxd8 Rxd8 27. e5 Rd3
28. Kf2 f6 29. exf6 Bxf6 30. Bxc6 Ba6 31. Be4 Rd6 32. Rc5 Bd4 33. Bd5+ Rxd5 34.
Rxd5 1-0

[Event "4th London Classic Open"]
[Site "London ENG"]
[Date "2012.12.01"]
[Round "1"]
[White "McDonnell,J"]
[Black "Jackson,J"]
[Result "0-1"]
[WhiteElo "1912"]
[BlackElo "2222"]
[WhiteFideId "2500787"]
[BlackFideId "416860"]
[EventDate "2012.12.01"]

1. e4 c5 2. Ne2 Nc6 3. d4 cxd4 4. Nxd4 Nf6 5. Nc3 e5 6. Ndb5 d6 7. Bg5 a6 8. Na3
b5 9. Nd5 Be7 10. Bxf6 Bxf6 11. c3 O-O 12. Nc2 Bg5 13. a4 bxa4 14. Rxa4 a5 15.
Bb5 Bb7 16. Nce3 Bxe3 17. Nxe3 Qb6 18. Qe2 Ne7 19. Bd3 Bc6 20. Ra3 a4 21. O-O
Rab8 22. Rb1 Qc5 23. Nc2 Ng6 24. g3 d5 25. Nb4 dxe4 26. Bxe4 Bxe4 27. Qxe4 Qb5
28. Qc6 Qe2 29. Rxa4 Rbd8 30. Nd5 Qd3 31. Rc1 Rxd5 32. Raa1 Rd6 33. Qc5 Nf4 34.
Re1 Qf3 35. gxf4 Rg6+ 36. Kf1 Qd3+ 37. Re2 Qh3+ 38. Ke1 Rg1+ 39. Kd2 Rd8+ 40.
Kc2 Qd3+ 41. Kb3 Rxa1 0-1

[Event "4th London Classic Open"]
[Site "London ENG"]
[Date "2012.12.01"]
[Round "1"]
[White "Veznik,Michael"]
[Black "Anderton,M"]
[Result "0-1"]
[WhiteElo "1877"]
[BlackElo "2210"]
[WhiteFideId "360287"]
[BlackFideId "403237"]
[EventDate "2012.12.01"]

1. c4 e5 2. Nc3 Nf6 3. g3 c6 4. Qa4 Na6 5. Bg2 Bc5 6. a3 O-O 7. e3 d5 8. b4 d4
9. Nd1 Bf5 10. Nf3 Re8 11. O-O Bb6 12. Qb3 Qd7 13. Bb2 c5 14. Nh4 Bh3 15. f3
Bxg2 16. Nxg2 Qd6 17. b5 Nc7 18. e4 Ba5 19. d3 a6 20. Nf2 axb5 21. cxb5 Nd7 22.
a4 Qe6 23. Qc2 Bb4 24. Rfc1 Ra5 25. Ba3 Bc3 26. Bb2 Bb4 27. Ba3 Bxa3 28. Rxa3
Rea8 29. Rca1 Nxb5 30. Rb3 Nd6 31. Nh4 g6 32. f4 b5 33. f5 gxf5 34. Nxf5 Nxf5
35. exf5 Qxf5 36. Ne4 Rxa4 37. Rxa4 Rxa4 38. Rxb5 Ra1+ 39. Rb1 Rxb1+ 40. Qxb1
Kg7 41. Qc1 Kg6 42. Kg2 Nf6 43. Nxc5 Ng4 44. Ne4 Ne3+ 45. Kg1 Qf3 46. Qc6+ Kg7 0-1

[Event "4th London Classic Open"]
[Site "London ENG"]
[Date "2012.12.01"]
[Round "1"]
[White "Gikas,A"]
[Black "Mehringer,Joerg"]
[Result "0-1"]
[WhiteElo "2210"]
[BlackElo "1874"]
[WhiteFideId "4623509"]
[BlackFideId "12915351"]
[EventDate "2012.12.01"]

1. e4 e5 2. Nf3 Nc6 3. Bc4 Nf6 4. Ng5 Bc5 5. Bxf7+ Ke7 6. Bd5 Qe8 7. c3 d6 8. d4
exd4 9. b4 Bb6 10. b5 Nxd5 11. bxc6 Nxc3 12. Nxc3 dxc3 13. e5 bxc6 14. O-O d5
15. e6 Qg6 16. Qf3 Qf6 17. Qh5 Bxe6 18. Nxe6 Qxe6 19. Ba3+ Kd7 20. Rae1 g6 21.
Qh6 Qf6 22. Qh3+ Qf5 23. Re7+ Kc8 24. Qxc3 Kb7 25. Bc5 Rae8 26. Bxb6 axb6 27.
Rg7 Qe5 28. Qxe5 Rxe5 29. f4 Re2 30. g4 Rhe8 31. Rxh7 d4 32. f5 gxf5 33. gxf5
Rf8 34. Rd1 c5 35. f6 Re6 0-1

[Event "4th London Classic Open"]
[Site "London ENG"]
[Date "2012.12.01"]
[Round "1"]
[White "Othman,Mustapha"]
[Black "Jetzl,J"]
[Result "1/2-1/2"]
[WhiteElo "1865"]
[BlackElo "2208"]
[WhiteFideId "8500797"]
[BlackFideId "1601172"]
[EventDate "2012.12.01"]

1. e4 e6 2. d4 d5 3. Nd2 Nf6 4. e5 Nfd7 5. Bd3 c5 6. c3 b6 7. Qg4 Ba6 8. Bxa6
Nxa6 9. a3 Nc7 10. Ne2 c4 11. O-O b5 12. Ng3 a5 13. Nf3 g6 14. Bg5 Be7 15. Bh6
Nb6 16. Ng5 Bf8 17. Bxf8 Kxf8 18. Qf4 Qe7 19. h4 h6 20. Nf3 Na4 21. Rab1 Rb8 22.
Rfe1 b4 23. axb4 axb4 24. Qd2 bxc3 25. bxc3 Kg7 26. Ra1 Qd7 27. Qc2 Rb3 28. Nd2
Rhb8 29. Nxb3 cxb3 30. Qd3 b2 31. Ra3 Qc6 32. Ne2 1/2-1/2

[Event "4th London Classic Open"]
[Site "London ENG"]
[Date "2012.12.01"]
[Round "1"]
[White "Hanssen,G"]
[Black "De Lagontrie,J"]
[Result "1-0"]
[WhiteElo "2207"]
[BlackElo "1858"]
[WhiteFideId "1501534"]
[BlackFideId "605271"]
[EventDate "2012.12.01"]

1. d4 d5 2. c4 e6 3. Nc3 Nf6 4. cxd5 exd5 5. Bg5 c6 6. Qc2 Be7 7. e3 Nbd7 8. Bd3
O-O 9. Nf3 Re8 10. O-O Nf8 11. h3 g6 12. Bxf6 Bxf6 13. b4 Be7 14. b5 c5 15. dxc5
Bxc5 16. Ne2 Qe7 17. Nf4 Be6 18. Rfc1 Rac8 19. Qa4 Bb6 20. Nd4 Nd7 21. Be2 Nc5
22. Qd1 Ne4 23. Bf3 Nf6 24. a4 Bc7 25. Qb3 Qd6 26. Qb2 Bb8 27. Ndxe6 Rxc1+ 28.
Rxc1 Rxe6 29. Nxe6 Qxe6 30. a5 Kg7 31. a6 b6 32. Rc6 Qe7 33. Bxd5 Be5 34. Qb3
Qd7 35. e4 g5 36. Qe3 h6 37. Qf3 Qe7 38. Qf5 Nxd5 39. exd5 Bd6 40. g3 Qe1+ 41.
Kg2 Qe7 42. h4 gxh4 43. Qg4+ Kh7 44. Qxh4 Qe5 45. Qf4 Qxd5+ 46. Qf3 1-0

[Event "4th London Classic Open"]
[Site "London ENG"]
[Date "2012.12.01"]
[Round "1"]
[White "Strand,O"]
[Black "Guerrero,An"]
[Result "0-1"]
[WhiteElo "1854"]
[BlackElo "2206"]
[WhiteFideId "1507230"]
[BlackFideId "3902048"]
[EventDate "2012.12.01"]

1. d4 e6 2. Nf3 c5 3. e3 Nf6 4. b3 b6 5. Bb2 Bb7 6. Bd3 Be7 7. O-O O-O 8. Nbd2
Nc6 9. a3 Qc7 10. Qe2 Rfd8 11. c4 cxd4 12. exd4 d5 13. Rac1 Qf4 14. c5 bxc5 15.
dxc5 a5 16. Ne5 Ne4 17. Nxc6 Bxc6 18. Bxe4 dxe4 19. Rfd1 Rd3 20. b4 axb4 21.
axb4 e3 22. Rc4 exf2+ 23. Qxf2 Qxc4 24. Rf1 Qg4 25. Qxf7+ Kh8 0-1

[Event "4th London Classic Open"]
[Site "London ENG"]
[Date "2012.12.01"]
[Round "1"]
[White "Stone,A ENG"]
[Black "Moan,Francis E"]
[Result "1/2-1/2"]
[WhiteElo "2203"]
[BlackElo "1853"]
[WhiteFideId "404985"]
[BlackFideId "424420"]
[EventDate "2012.12.01"]

1. c4 Nf6 2. g3 e5 3. Bg2 c6 4. d4 Bb4+ 5. Bd2 Bxd2+ 6. Qxd2 exd4 7. Qxd4 d6 8.
Nc3 O-O 9. Rd1 Be6 10. Nh3 Qb6 11. Qxb6 axb6 12. b3 Rd8 13. Nf4 Na6 14. O-O Nc7
15. Rd2 Kf8 16. Rfd1 Ke7 17. h3 g5 18. Nxe6 fxe6 19. Ne4 Nxe4 20. Bxe4 h6 21.
Kg2 b5 22. cxb5 Nxb5 23. Rc1 d5 24. Bd3 Nd6 25. g4 Rf8 26. e3 e5 27. Rh1 e4 28.
Be2 Rf6 1/2-1/2